| 000 | 00774nam a22003130a 4500 | ||
|---|---|---|---|
| 001 | PT32604 | ||
| 003 | AR-LpoUNG | ||
| 005 | 20210131230020.0 | ||
| 008 | 191001s1957||||ag |||||||||||||||||spa d | ||
| 040 |
_aAR-LpoUNG _bspa _cAR-LpoUNG _eaacr |
||
| 041 | _aspa | ||
| 044 | _aag | ||
| 082 | 0 | _a982.04 931mon | |
| 100 | 1 | _aMoure, Amédée | |
| 245 | 1 | 0 | _aMontevideo y Buenos Aires a mediados del siglo XIX |
| 250 | _a1ª ed. | ||
| 260 |
_aBuenos Aires : _bPerrot, _c1957. |
||
| 300 |
_a62 p. : _bil. |
||
| 650 | 4 | _aANALISIS HISTORICO | |
| 650 | 4 | _aARGENTINA | |
| 650 | 4 | _aHISTORIA | |
| 650 | 4 | _aINVESTIGACION | |
| 650 | 4 | _aPOLITICA | |
| 650 | 4 | _aURUGUAY | |
| 651 | 4 | _aArgentina | |
| 700 | 1 |
_aMariluz Urquijo, José M. _etr. |
|
| 905 | _a32604 | ||
| 942 | _cLIB | ||
| 999 |
_c865 _d865 |
||